Nghị định của chính phủ quy định xử phạt vi phạm hành chính về đăng ký kinh doanh và các quy định có liên quan
Nội dung sách là Nghị định số 3/7/2003/NĐ-CP quy định xử phạt vi phạm hành chính về đăng ký kinh doanh. Nghị định quy định rõ các hành vi vi phạm, hình thức và mức phạt.
Zapisane w:
| Format: | Książka |
|---|---|
| Język: | Undetermined |
| Wydane: |
Hà Nội
Chính trị Quốc gia
2004
|
| Hasła przedmiotowe: | |
| Etykiety: |
Dodaj etykietę
Nie ma etykietki, Dołącz pierwszą etykiete!
|
| Thư viện lưu trữ: | Trung tâm Học liệu Trường Đại học Cần Thơ |
|---|
| LEADER | 00957nam a2200193Ia 4500 | ||
|---|---|---|---|
| 001 | CTU_111741 | ||
| 008 | 210402s9999 xx 000 0 und d | ||
| 020 | |c 20500 | ||
| 082 | |a 346.597065 | ||
| 082 | |b Ngh300 | ||
| 245 | 0 | |a Nghị định của chính phủ quy định xử phạt vi phạm hành chính về đăng ký kinh doanh và các quy định có liên quan | |
| 260 | |a Hà Nội | ||
| 260 | |b Chính trị Quốc gia | ||
| 260 | |c 2004 | ||
| 520 | |a Nội dung sách là Nghị định số 3/7/2003/NĐ-CP quy định xử phạt vi phạm hành chính về đăng ký kinh doanh. Nghị định quy định rõ các hành vi vi phạm, hình thức và mức phạt. | ||
| 650 | |a Business enterprises,Doanh nghiệp kinh doanh | ||
| 650 | |x Law and legislation,Luật và văn bản quy phạm pháp luật | ||
| 904 | |i Giang | ||
| 980 | |a Trung tâm Học liệu Trường Đại học Cần Thơ | ||